The autonomy of education

Αποθηκεύτηκε σε:
Λεπτομέρειες βιβλιογραφικής εγγραφής
Κύριος συγγραφέας: Kazepides, A. C.
Μορφή: Βιβλίο
Γλώσσα:Greek
Δημοσίευση: Αθήνα : Εθνικό Κέντρο Κοινωνικών Ερευνών, 1973.
Θέματα:
Ετικέτες: Προσθήκη ετικέτας
Δεν υπάρχουν, Καταχωρήστε ετικέτα πρώτοι!

MARC

LEADER 00000cam#a2200000#a#4500
001 1/88798
008 930913s1973 gr | ||| |||| ||gre d
035 |a 1986  |b 2  |c Δωρεά  |l 10035589 
040 |a GR-MY-UA  |b gre  |e aacr 
041 0 |a gre 
082 0 |a 370 
082 0 |a 370.1  
100 1 |a Kazepides, A. C. 
245 1 4 |a The autonomy of education /  |c A.C. Kazepides 
260 |a Αθήνα :   |b Εθνικό Κέντρο Κοινωνικών Ερευνών,   |c 1973.  
300 |a 107 σ. ;   |c 24 εκ.  
650 0 0 |a Education. 
852 |a INST  |b CHIOS  |e 19980609  |h 370 ΚΑΖ  |p 005200005027  |q 005200005027  |t BK  |y 0 
852 |a INST  |b LESVOS  |e 20221118  |h 370.1 KAZ  |p 005100064108  |q 005100064108  |t BK  |y 0 
852 |a INST  |b RHODES  |e 19930913  |h 370 KAZ  |p 005400002227  |q 005400002227  |t BK  |y 0 
852 |a INST  |b RHODES  |e 19930913  |h 370 KAZ  |p 005400002228  |q 005400002228  |t BK  |y 0 
852 |a INST  |b RHODES  |e 19930913  |h 370 KAZ  |p 005400002229  |q 005400002229  |t BK  |y 0